Catálogo
Digital

Catálogo
Digital

Justicia indígena, plurinacionalidad e interculturalidad en Ecuador (Record no. 14334)

MARC details
000 -CABECERA
campo de control de longitud fija 01916nam a2200313 4500
003 - IDENTIFICADOR DEL NÚMERO DE CONTROL
campo de control EC-UNACH
005 - FECHA Y HORA DE LA ÚLTIMA TRANSACCIÓN
campo de control 20260320130148.0
006 - CÓDIGOS DE INFORMACIÓN DE LONGITUD FIJA--CARACTERÍSTICAS DEL MATERIAL ADICIONAL
campo de control de longitud fija s||||gr|||| 00| 00
008 - DATOS DE LONGITUD FIJA--INFORMACIÓN GENERAL
campo de control de longitud fija 150116t9999 mx r gr 000 0 spa d
020 ## - NÚMERO INTERNACIONAL ESTÁNDAR DEL LIBRO
Número Internacional Estándar del Libro 978-9942-09-115-4
040 ## - FUENTE DE LA CATALOGACIÓN
Centro catalogador/agencia de origen EC-UNACH
Centro/agencia transcriptor EC-UNACH
041 ## - CÓDIGO DE LENGUA
Código de lengua del texto/banda sonora o título independiente spa
082 04 - NÚMERO DE LA CLASIFICACIÓN DECIMAL DEWEY
Número de edición 23
Número de clasificación 323.4
Número de documento/Ítem L018525
110 ## - ENTRADA PRINCIPAL--NOMBRE DE ENTIDAD CORPORATIVA
Nombre de entidad corporativa o nombre de jurisdicción como elemento de entrada Ediciones Abya-Yala
245 ## - MENCIÓN DE TÍTULO
Título Justicia indígena, plurinacionalidad e interculturalidad en Ecuador
250 ## - MENCIÓN DE EDICIÓN
Mención de edición Primera edición
264 ## - Producción, publicación, distribución, fabricación y copyright
Lugar de producción, publicación, distribución, fabricación Ecuador
Nombre del de productor, editor, distribuidor, fabricante Ediciones Abya-Yala
Fecha de de producción, publicación, distribución, fabricación o copyright 2013
300 ## - DESCRIPCIÓN FÍSICA
Extensión 650 paginas
505 ## - NOTA DE CONTENIDO CON FORMATO
Nota de contenido con formato 1.Cuando los excluidos tienen derecho: justicia indígena, plurinacionalidad e interculturalidad 2. Del presente se inventa el futuro: justicias indígenas y Estado en Ecuador 3. Movimiento indígena del Ecuador a partir del siglo XX: visibilizando el resurgir, sus avances y retrocesos 4. Extractivismo y derechos de la naturaleza 5. Racismo en la justicia ordinaria 6. Criminalización de las comunidades indígenas 7. El reto de la igualdad: género y justicia indígena 8. ¿Debe aprender el derecho penal estatal de la justicia indígena? 9. Plurinacionalidad y Constitución 10. Justicia indígena ¿delito o construcción de la plurinacionalidad? 11. Disputas de poder y justicia: San Lucas (Saraguro) 12. Entre el garantismo y el colonialismo: Unión Venecia 13. Justicia indígena en el Distrito Metropolitano de Quito: La Toglla 14. No se aloquen, no vayan a carrera de caballo, vayan a carrera de burro: comunidades Chimborazo y Chibuleo 15. Coordinación entre justicias, ese desafío ...<br/><br/>
650 ## - PUNTO DE ACCESO ADICIONAL DE MATERIA--TÉRMINO DE MATERIA
Término de materia o nombre geográfico como elemento inicial ADMINISTRACION DE JUSTICIA
650 ## - PUNTO DE ACCESO ADICIONAL DE MATERIA--TÉRMINO DE MATERIA
Término de materia o nombre geográfico como elemento inicial INDIGENAS DE ECUADOR
650 ## - PUNTO DE ACCESO ADICIONAL DE MATERIA--TÉRMINO DE MATERIA
Término de materia o nombre geográfico como elemento inicial CONCLUSIONES
700 ## - PUNTO DE ACCESO ADICIONAL--NOMBRE DE PERSONA
Nombre de persona Boaventura de Sousa Santos / Agustín Grijalva Jiménez
942 ## - ELEMENTOS DE PUNTO DE ACCESO ADICIONAL (KOHA)
Fuente del sistema de clasificación o colocación Clasificación Decimal Dewey
Tipo de ítem Koha Libros
999 ## - NÚMEROS DE CONTROL DE SISTEMA (KOHA)
Koha biblionumber 14334
Holdings
Estado de pérdida Fuente del sistema de clasificación o colocación Estado dañado No para préstamo Localización permanente Ubicación/localización actual Ubicación en estantería Fecha de adquisición Fuente de adquisición Número de inventario Total de préstamos Signatura topográfica completa Código de barras Fecha visto por última vez Precio válido a partir de Tipo de ítem Koha Centro de costos
  Clasificación Decimal Dewey     Biblioteca Campus Norte Biblioteca Campus Norte Facultad de Ciencias Políticas y Administrativas - Generalidades 19/12/2025 Transitoria segunda Resolución N°0311-CU-UNACH-SE-ORD-16-09-24 39932801   323.4 SOU L018525 L018525 19/12/2025 19/12/2025 Libros  

Powered by Koha